| 000 | 00766nam a22002537a 4500 | ||
|---|---|---|---|
| 001 | 119744 | ||
| 003 | UA-OsUOA | ||
| 005 | 20231220151237.0 | ||
| 007 | ta | ||
| 008 | 20161115b un ||||| |||| 00| 0 ukr d | ||
| 020 | _a9789665782209 | ||
| 040 |
_aUA-OsUOA _bukr _cUA-OsUOA _dUA-OsUOA |
||
| 041 | _aukr | ||
| 080 | _a130.3 | ||
| 090 |
_a130.3 _bП80 |
||
| 100 | _aПрокопович Т. | ||
| 245 |
_aФілософські праці. Вибране _cТеофан Прокопович ; упоряд. Володимира Литвинова |
||
| 260 |
_aК. _bДніпро _c2012 |
||
| 300 | _a616 с. | ||
| 650 | 7 |
_a1 Філософські науки _2UDC |
|
| 942 |
_cBK _2udc |
||
| 955 | _a4 | ||
| 999 |
_c405680 _d405680 |
||